000 00718nam a2200253Ia 4500
008 170203s9999 xx 000 0 und d
020 _a0-43921937x
050 _aFic
050 _bB935p
100 _aBulla, Robert Clyde.
245 4 _aThe paint brush kid /
245 _cby Clyde Robert Bulla ; illustrated by Ellen Beier.
260 _aNew York :
260 _bScholastic Inc.,
260 _c©1999
300 _a64 pages :
300 _billustrations ;
300 _c19 cm
500 _a"This edition is only available for distribution through the school market."--Page 4 of cover.
650 _aArtists --
650 _aMexican Americans --
650 _xFiction.
650 _xFiction.
999 _c306337
_d306337